00517 2200181 4500245009400000020002200094250001100116100002000127100002100147700002500168650002600193005001900219260003800238041001400276084001100290300002500301336000900326 aUsaha Bidang Komputer ? Mengapa Tidak b : Seri Wirausahawan MudacAndri OktavianahText a978-602-8823-65-4 aCet. 1 aAndri Oktaviana aSetiaman Heriadi aSuro Udioko Prapanca aUsaha Bidang komputer a20230306112058 aDepokbBinamuda Ciptakreasic2013 aIndonesia a338.04 avi, 65 hlm. :cilus. atext